|
|
|
|
| LEADER |
00903nab a2200253 i 4500 |
| 001 |
misc61674 |
| 005 |
20230202083423.0 |
| 008 |
220429s1972 hu o 0|| fre d |
| 022 |
|
|
|a 0001-6446
|
| 040 |
|
|
|a SZTE Miscellanea Repozitórium
|b hun
|
| 041 |
|
|
|a fre
|
| 041 |
|
|
|a uig
|
| 100 |
1 |
|
|a Kakuk Zsuzsa
|
| 245 |
1 |
0 |
|a Chants ouigours de Chine
|h [elektronikus dokumentum] /
|c Kakuk Zsuzsa
|
| 260 |
|
|
|c 1972
|
| 300 |
|
|
|a 415-429
|c 24 cm
|
| 300 |
|
|
|a [15] p.
|c 24 cm
|
| 490 |
0 |
|
|a Acta Orientalia Academiae Scientiarum Hungaricae;Acta Orientalia Academiae Scientiarum Hungaricae : a Magyar Tudományos Akadémia orientalisztikai közleményei
|
| 561 |
|
|
|a Németh Gyula hagyaték
|
| 591 |
|
|
|a LOA 1679; NOA 2574
|
| 650 |
|
4 |
|a Bölcsészettudományok
|
| 650 |
|
4 |
|a Nyelvek és irodalom
|
| 695 |
|
|
|a Mai ujgur nyelv
|
| 856 |
4 |
0 |
|u http://misc.bibl.u-szeged.hu/61674/1/2574_noa_k11.pdf
|z Dokumentum-elérés
|